000 00325nam a2200133Ia 4500
005 20251221002647.0
008 251220s9999||||xx |||||||||||||| ||spa||
020 _a8440432356
082 _a340.9/M26
100 _aMarín López, Antonio
245 0 _a Derecho Internacional Privado Español
250 _a7ma.ed.
942 _cLIB
999 _c436
_d436